000 00450cam a2200169ua 4500
003 OSt
005 20260209121946.0
008 260209b |||||||| |||| 00| 0 eng d
041 _aeng
082 _a628.114
_bVAR/PU
100 _aVarma, C.V.J.
_91479
245 _aPumped storage schemes in India /
260 _aNew Delhi :
_bCentral Board of Irrigation and Power (CBIP) ,
_c1997.
300 _a121 ; .
700 1 _aRao, A.R.
_97856
942 _cBK
999 _c5401
_d5401